000 00750nam a2200229 i 4500
001 137582
003 ES-MaACL
005 20250811063144.0
007 t|
008 070214s1949 mx r ||||1| spa d
100 1 _aSalazar, Adolfo,
_d1890-1958
_9101798
245 1 3 _aLa danza y el ballet
_b: introducción al conocimiento de la danza de arte y del ballet /
_cpor Adolfo Salazar.
250 _a1ª ed.
260 _aMéxico [etc.] :
_bFondo de Cultura Económica,
_c1949.
300 _a263 p. :
_bil. ;
_c18 cm +
_e16 lám. pleg.
490 1 _aBreviarios ;
_v6
650 4 _aDanza.
_9135869
650 4 _aBallet.
_9151202
830 0 _aBreviarios ;
_v6
_9186377
852 _aES-MaACL
_jD-6100
_bR.29519
999 _c137582
_d137582